Vigilar y castigar: nacimiento de la prisión

Kaydedildi:
Detaylı Bibliyografya
Yazar: Foucault, Michel (Yazar)
Materyal Türü: Kitap
Dil:İspanyolca
Baskı/Yayın Bilgisi: Buenos Aires Siglo XXI 2002
Seri Bilgileri:Nueva Criminología y Derecho
Konular:
Etiketler: Etiketle
Etiket eklenmemiş, İlk siz ekleyin!

MARC

LEADER 00000nam a2200000 a 4500
001 UCL6621
003 CL-VaPUC
005 20241127104740.0
008 040416e20020000AG |||||||||||||||||spa|d
999 |c 308615  |d 308613 
020 |a 987987014X 
040 |c Pontificia Universidad Católica de Valparaíso 
082 0 4 |a 364.9  |b FOU  |2 21 
100 |a Foucault, Michel  |e author  |9 257945 
245 1 0 |a Vigilar y castigar: nacimiento de la prisión 
260 |a Buenos Aires  |b Siglo XXI  |c 2002 
300 |a 314 p 
490 0 |a Nueva Criminología y Derecho 
583 |a last modification  |c 20040416 00:00:00  |k Rodrigo Vera 
650 0 |a Criminología  |9 256168 
650 0 |a Delincuencia  |9 335739 
650 0 |a Castigo  |9 334685 
650 0 |a Prisión  |9 386581 
942 |c BK  |2 ddc 
945 |d 20040416 00:00:00  |a cmena 
952 |0 0  |1 0  |4 0  |6 364_900000000000000_FOU_2002  |7 0  |8 R  |9 375261  |a BIBGIM  |b BIBGIM  |d 2019-11-21  |i 3992497  |o 364.9 FOU 2002  |p 3992497  |r 2025-01-15  |w 2019-11-21  |y BK_R  |k SSL 
952 |0 0  |1 0  |4 0  |6 364_900000000000000_FOU_2002  |7 0  |8 A  |9 375262  |a BIBART  |b BIBART  |d 2019-11-21  |i 4046935  |l 6  |m 2  |o 364.9 FOU 2002  |p 4046935  |q 2025-04-30  |r 2025-04-23  |s 2025-04-23  |w 2019-11-21  |y BK  |k ART 
952 |0 0  |1 0  |2 ddc  |4 0  |6 364_900000000000000_FOU_2002  |7 0  |8 R  |9 375263  |a BIBEDU  |b BIBEDU  |c MCIRC  |d 2019-11-21  |i 4343018  |l 7  |o 364.9 FOU 2002  |p 4343018  |r 2024-09-23  |s 2024-09-11  |w 2019-11-21  |y BK_R  |k EFI